| 000 | 00843nas a2200241 i 4500 | ||
|---|---|---|---|
| 001 | 2273 | ||
| 003 | ES-MaACL | ||
| 005 | 20250217134606.0 | ||
| 007 | t| | ||
| 008 | 950801d19051993xxu | | 1 ||ng d | ||
| 080 | _a73 | ||
| 245 | 0 | 0 |
_aSurgery gynecology and obstetrics _b: with international abstract of surgery official journal of The American College of Surgeons. |
| 260 |
_aChicago : _bThe Surgical Publishing Company, _c1905-1993 ( _fR. Donnelley and Sons) |
||
| 300 |
_a78 v. ; _c27 cm. |
||
| 310 | _aMensual | ||
| 362 | 0 | _aVol. 1, n. 1 (July 1905)-vol. 177, n. 6 (Dec. 1993) | |
| 650 | 1 | 4 |
_aGinecología. _913119 |
| 700 | 1 |
_aLoyal, Davis, _edir. _9194461 |
|
| 710 | 2 |
_aAmerican College of Surgeons. _91353 |
|
| 852 |
_aES-MaACL _jHEM-A-8 _xHem-1645 _d |
||
| 866 | 0 | _o(1945f.n.1-4)1946-58(1959),1961-66. | |
| 999 |
_c2273 _d2273 |
||